000 00671cam a2200229 4500
001 J1391
008 090401t1993 xxu||||| |||| 00| 0 eng d
035 _a(Sirsi) u43285
041 _aeng
050 _a332.6324
110 _aCorporate Intelligence Group
_92196
245 _aInvestor intentions survey. - Issue no. 2 (February 1993).
260 _aLondon
_bCorporate Intelligence Group
_c1993
300 _a(4)p. ; 30cm.
350 _a0
520 _aSummary of key findings.
650 _aINVESTORS
650 _aPROPERTY INVESTMENT
690 _aPROPERTY-COMMERCIAL PROPERTY-COMMERCIAL PROPERTY FINANCE AND INVESTMENT
942 _n0
948 _c04/03/1997
999 _c91288
_d91288